=LDR 00000nam 2200000 4500 =001 INLIS000000000019538 =005 20130612114603 =008 ***********************************Ind** =035 ##$$0010-061300000019538 =041 ##$$a Ind =082 ##$$a 297.43 =090 ##$$a 297.43, Bas a =100 ##$$a Basyir, Abu Umar =245 ##$$a Aku wanita paling bahagia, Abu Umar Basyir =260 ##$$a 2005 $b Solo =300 ##$$a xxii, 188 hlm, 19 cm =650 ##$$a Wanita Dalam Islam =850 ##$$a NBPNMAT